[Event "San Francisco TNM Winter op"]
[Site "San Francisco"]
[Date "2014.02.25"]
[Round "8"]
[White "Thornally, Frank"]
[Black "Sherwood, Peter"]
[Result "1-0"]
[WhiteElo "2200"]
[BlackElo "1808"]
[PlyCount "63"]
[EventDate "2014.01.07"]
[EventType "swiss"]
[EventRounds "8"]
[EventCountry "USA"]
[SourceTitle "EXT 2016"]
[Source "ChessBase"]
[SourceDate "2015.10.08"]
[SourceVersion "1"]
[SourceVersionDate "2015.10.08"]
[SourceQuality "1"]

1. d4 d5 2. Bg5 Nf6 3. Nc3 Ne4 4. Nxe4 dxe4 5. Qd2 Nd7 6. Qf4 f6 7. Bh4 g5 8. Qxe4 gxh4 9. Qxh4 Bg7 10. e3 Nf8 11. Bc4 Be6 12. Qh5+ Kd7 13. d5 Bg8 14. Qg4+ Ke8 15. Qxg7 Ng6 16. Bd3 Qxd5 17. Bxg6+ hxg6 18. Qxh8 Kd7 19. Qh3+ Be6 20. Qf3 Qa5+ 21. c3 Qb6 22. Ne2 Rh8 23. 0-0 Ke8 24. Nf4 Bf7 25. Qe4 Rh6 26. Rfd1 g5 27. Nd5 Qd6 28. g3 c6 29. Nf4 Qb8 30. Ne6 Bxe6 31. Qxe6 Rh8 32. Rd7 1-0

[Event "San Francisco TNM Winter op"]
[Site "San Francisco"]
[Date "2014.01.14"]
[Round "2"]
[White "Royzen, Igor"]
[Black "Thornally, Frank"]
[Result "1-0"]
[WhiteElo "1852"]
[BlackElo "2200"]
[PlyCount "61"]
[EventDate "2014.01.07"]
[EventType "swiss"]
[EventRounds "8"]
[EventCountry "USA"]
[SourceTitle "EXT 2016"]
[Source "ChessBase"]
[SourceDate "2015.10.08"]
[SourceVersion "1"]
[SourceVersionDate "2015.10.08"]
[SourceQuality "1"]

1. d4 d6 2. Bf4 Nf6 3. e3 Nc6 4. Nf3 Bg4 5. Be2 Nd7 6. c4 e5 7. Bg3 Be7 8. Nc3 0-0 9. 0-0 f5 10. dxe5 dxe5 11. Qd5+ Kh8 12. h3 Bxf3 13. Bxf3 f4 14. Bh2 Nb6 15. Qe4 Bd6 16. Rad1 Qf6 17. Nb5 Rad8 18. Nxd6 Rxd6 19. Rxd6 Qxd6 20. Rd1 Qb4 21. b3 Qa3 22. exf4 Nd4 23. fxe5 Nxf3+ 24. gxf3 Qxa2 25. Qd3 Qa3 26. Bg3 Qe7 27. Qe4 Nd7 28. Qd5 Nc5 29. b4 Ne6 30. Kg2 Rd8 31. Qxe6 1-0

[Event "San Francisco TNM Summer op"]
[Site "San Francisco"]
[Date "2013.05.28"]
[Round "1"]
[White "Thornally, Frank"]
[Black "Poling, Scott"]
[Result "1-0"]
[WhiteElo "2218"]
[BlackElo "1734"]
[PlyCount "91"]
[EventDate "2013.05.28"]
[EventType "swiss"]
[EventRounds "8"]
[EventCountry "USA"]
[SourceTitle "EXT 2016"]
[Source "ChessBase"]
[SourceDate "2015.10.08"]
[SourceVersion "1"]
[SourceVersionDate "2015.10.08"]
[SourceQuality "1"]

1. e4 e6 2. d4 d5 3. Nd2 Nc6 4. Ngf3 Nf6 5. e5 Nd7 6. Bb5 a5 7. 0-0 Na7 8. Bd3 b6 9. Re1 c5 10. c3 Nc6 11. Nf1 Ba6 12. Bc2 Rc8 13. Bg5 Qc7 14. Rc1 h6 15. Be3 Be7 16. Ng3 Qb7 17. Nh5 g6 18. Nf4 Nf8 19. a3 c4 20. Qd2 h5 21. h4 Kd7 22. Nh3 Nh7 23. Bh6 Rcg8 24. Qf4 Nd8 25. Kh1 Kc8 26. Rg1 Bf8 27. Bxf8 Rxf8 28. Rce1 Qd7 29. Re3 Nc6 30. Nfg5 Nxg5 31. Qxg5 Ne7 32. Qf6 Nf5 33. Bxf5 gxf5 34. Nf4 Rfg8 35. Rg3 Qe8 36. Rg5 Rxg5 37. hxg5 Bb5 38. Re1 Ba4 39. Re3 Bd1 40. Rh3 Bg4 41. Rh4 Bd1 42. f3 Kd7 43. Rxh5 Rxh5+ 44. Nxh5 Qe7 45. Qg7 b5 46. Nf6+ 1-0

[Event "San Francisco TNM Spring op"]
[Site "San Francisco"]
[Date "2013.04.30"]
[Round "7"]
[White "Sherwood, Peter"]
[Black "Thornally, Frank"]
[Result "0-1"]
[WhiteElo "1812"]
[BlackElo "2218"]
[PlyCount "140"]
[EventDate "2013.03.19"]
[EventType "swiss"]
[EventRounds "8"]
[EventCountry "USA"]
[SourceTitle "EXT 2016"]
[Source "ChessBase"]
[SourceDate "2015.10.08"]
[SourceVersion "1"]
[SourceVersionDate "2015.10.08"]
[SourceQuality "1"]

1. e4 e5 2. Nf3 Nc6 3. Bb5 a6 4. Ba4 Nf6 5. 0-0 Be7 6. Re1 b5 7. Bb3 d6 8. h3 0-0 9. c3 Nd7 10. d4 Bf6 11. d5 Ne7 12. a4 Bb7 13. axb5 axb5 14. Rxa8 Qxa8 15. Be3 Ng6 16. Na3 Ba6 17. Nc2 Nc5 18. Bxc5 dxc5 19. Ne3 c4 20. Bc2 Be7 21. Nf5 Bc5 22. Ng5 h6 23. Nf3 Rd8 24. Qc1 Qa7 25. Ne3 f6 26. g3 Bb7 27. Qa1 Qb6 28. b4 Bf8 29. Qb2 Ne7 30. Bb1 g6 31. Ng4 Bg7 32. Qc1 Kh7 33. Qe3 Qd6 34. Qa7 Bc8 35. Qc5 Qd7 36. Bc2 h5 37. Ngh2 Bf8 38. h4 Nf5 39. Qc6 Qxc6 40. dxc6 Ne7 41. Ra1 Nxc6 42. Nf1 Bh6 43. Kg2 Kg8 44. Ne3 Bxe3 45. fxe3 Kf8 46. Kf2 Bb7 47. Ke2 Ke7 48. Ne1 Rd6 49. Nf3 Nd8 50. Nd2 Kd7 51. Ra5 Kc6 52. Nb1 Kb6 53. Na3 Bc6 54. Nb1 Nf7 55. Ra2 Rd8 56. Nd2 Nd6 57. Ra1 Bb7 58. Rf1 Rf8 59. Rf2 c5 60. bxc5+ Kxc5 61. Kd1 b4 62. cxb4+ Kxb4 63. Bb1 c3 64. Nf1 Bxe4 65. Bc2 Bxc2+ 66. Kxc2 Ne4 67. Re2 Ra8 68. Kb1 Kb3 69. Rg2 c2+ 70. Rxc2 Nc3+ 0-1

[Event "San Francisco TNM Spring op"]
[Site "San Francisco"]
[Date "2013.04.02"]
[Round "3"]
[White "Thornally, Frank"]
[Black "Newey, Richard H"]
[Result "1/2-1/2"]
[WhiteElo "2218"]
[BlackElo "1702"]
[PlyCount "50"]
[EventDate "2013.03.19"]
[EventType "swiss"]
[EventRounds "8"]
[EventCountry "USA"]
[SourceTitle "EXT 2016"]
[Source "ChessBase"]
[SourceDate "2015.10.08"]
[SourceVersion "1"]
[SourceVersionDate "2015.10.08"]
[SourceQuality "1"]

1. e4 c5 2. Nf3 d6 3. d4 cxd4 4. Nxd4 Nf6 5. Nc3 Nc6 6. Be2 e6 7. Be3 Be7 8. 0-0 a6 9. a4 0-0 10. f4 Bd7 11. Nb3 Na5 12. Nd2 Rc8 13. Qe1 Nc6 14. Qf2 Nb4 15. Rac1 d5 16. e5 Ne4 17. Ndxe4 dxe4 18. Rfd1 Qe8 19. a5 Bc6 20. Bc5 Bxc5 21. Qxc5 Nd5 22. g3 Nxc3 23. Qxc3 Bb5 24. Qe3 Bxe2 25. Qxe2 Qa4 1/2-1/2

[Event "San Francisco TNM Fall op"]
[Site "San Francisco"]
[Date "2012.11.06"]
[Round "4"]
[White "Poling, Scott"]
[Black "Thornally, Frank"]
[Result "0-1"]
[WhiteElo "1747"]
[BlackElo "2212"]
[PlyCount "30"]
[EventDate "2012.10.16"]
[EventType "swiss"]
[EventRounds "9"]
[EventCountry "USA"]
[SourceTitle "EXT 2014"]
[Source "ChessBase"]
[SourceDate "2013.11.20"]
[SourceVersion "1"]
[SourceVersionDate "2013.11.20"]
[SourceQuality "1"]

1. e4 c6 2. d4 d5 3. exd5 cxd5 4. Bd3 Nc6 5. c3 Qc7 6. Qb3 Nxd4 7. Qxd5 e5 8. f4 Nc6 9. fxe5 Be6 10. Qe4 0-0-0 11. Nf3 Nge7 12. Bf4 Bf5 13. Qxf5+ Nxf5 14. Bxf5+ Kb8 15. Bg3 Qb6 0-1

[Event "San Francisco TNM Spring op"]
[Site "San Francisco"]
[Date "2012.03.20"]
[Round "2"]
[White "Thornally, Frank"]
[Black "Andries, Craig"]
[Result "1-0"]
[WhiteElo "2205"]
[BlackElo "1950"]
[PlyCount "37"]
[EventDate "2012.03.13"]
[EventType "swiss"]
[EventRounds "8"]
[EventCountry "USA"]
[SourceTitle "EXT 2014"]
[Source "ChessBase"]
[SourceDate "2013.11.20"]
[SourceVersion "1"]
[SourceVersionDate "2013.11.20"]
[SourceQuality "1"]

1. e4 d6 2. d4 Nf6 3. Nc3 g6 4. f4 Bg7 5. a3 0-0 6. Nf3 c6 7. Bd3 Bg4 8. h3 Bc8 9. 0-0 a5 10. Qe1 Na6 11. Be3 Nc7 12. Qh4 h5 13. Rae1 e6 14. f5 Nh7 15. fxg6 fxg6 16. Qg3 Qe8 17. Qxd6 Qd8 18. Qg3 Rf6 19. e5 1-0

[Event "San Francisco TNM Litowsky op"]
[Site "San Francisco"]
[Date "2011.08.09"]
[Round "2"]
[White "Thornally, Frank"]
[Black "Todortsev, Victor"]
[Result "1-0"]
[WhiteElo "2200"]
[BlackElo "1920"]
[PlyCount "59"]
[EventDate "2011.08.02"]
[EventType "swiss"]
[EventRounds "9"]
[EventCountry "USA"]
[SourceTitle "EXT 2016"]
[Source "ChessBase"]
[SourceDate "2015.10.08"]
[SourceVersion "1"]
[SourceVersionDate "2015.10.08"]
[SourceQuality "1"]

1. e4 e5 2. Nf3 Nc6 3. Bb5 Nf6 4. Qe2 d6 5. c3 Be7 6. d4 exd4 7. cxd4 Bd7 8. 0-0 0-0 9. h3 a6 10. Bc4 b5 11. Bb3 Na5 12. Bc2 c5 13. e5 dxe5 14. dxe5 Ne8 15. Rd1 Ra7 16. Qd3 g6 17. e6 fxe6 18. Ne5 Nf6 19. Nxg6 Rf7 20. Ne5 Rg7 21. Bh6 Qe8 22. Bxg7 Kxg7 23. Qg3+ Kf8 24. Nd2 Nc6 25. Ndf3 Nxe5 26. Nxe5 Bc6 27. Qh4 Bd5 28. Rd3 Qh5 29. Qf4 Bd6 30. Qxf6+ 1-0